000 00648nam a2200181 4500
001 138322
003 ES-MaACL
005 20230906195538.0
007 t|
008 070214s1929 sp r ||||1| spa d
100 1 _aSanchís Perpiñá, Vicente.
_9103019
245 1 0 _aInvestigaciones sobre una nueva narcosis
_b: (por las vías intraperitoneal e intravenosa) /
_cpor V. Sanchís Perpiñá y R. Díaz Sarasola.
260 _aMadrid :
_b[s. n.],
_c1929.
300 _a10 h. ;
_c31 cm.
500 _aPublicado en: Archivos de Medicina, Cirugía y Especialidades, nº 444.
700 1 _aDíaz Sarasola, R.
_944427
852 _aES-MaACL
_j1731-F-14
999 _c138322
_d138322